Windows Server 2003 Bible

Αποθηκεύτηκε σε:
Λεπτομέρειες βιβλιογραφικής εγγραφής
Κύριος συγγραφέας: Jeffrey Shapiro
Μορφή: Βιβλίο
Γλώσσα:Undetermined
Έκδοση: Indianapolis Wiley Publishing 2003
Ετικέτες: Προσθήκη ετικέτας
Δεν υπάρχουν, Καταχωρήστε ετικέτα πρώτοι!
Thư viện lưu trữ: Trung tâm Học liệu Trường Đại học Cần Thơ
LEADER 00411nam a2200157Ia 4500
001 CTU_64605
008 210402s9999 xx 000 0 und d
020 |b 849000 
082 |a 005.43769 
082 |b W765 
100 |a Jeffrey Shapiro 
245 0 |a Windows Server 2003 Bible 
260 |a Indianapolis 
260 |b Wiley Publishing 
260 |c 2003 
980 |a Trung tâm Học liệu Trường Đại học Cần Thơ